000
00308nam a2200133Ia 4500
008
240624s9999 xx 000 0 und d
041
_a
eng
082
_a
920 CAS
100
_a
CASTRO FIDEL
245
_a
MY LIFE
260
_c
2007
_a
New York
_b
Scribner
300
_a
v, : 723 : p. : cm. ; 24
365
_c
_b
20
999
_c
14342
_d
14342